000 00683nam a2200241Ia 4500
003 OSt
005 20220925224934.0
006 a|||||r|||| 00| 0
007 ta
008 220923b |||||||| |||| 00| 0 eng d
037 _cGeneral Book
040 _aRTL
_cRTL
_beng
041 _2eng
_aeng
082 _aU6.59B.N8, M9
100 _aTurnock David
_9279400
245 0 _aEastern Europe
_bAn economic and political geography
260 _aLondon
_bRoutledge Publshed UK
_c1989
300 _axiv,360p
_ccm.
500 _aBib p. 323-38
650 _aEconomic Geography
942 _hU6.59B.N8, M9
_cGB
_2CC
999 _c582627
_d582627